000
00382nam a2200133Ia 4500
008
151001s9999||||xx |||||||||||||| ||und||
100
_a
अभया शेलकर
245
_a
फौजदारी न्याय पद्धती
250
_a
1
260
_b
शिवांश पब्लिकेशन
260
_c
2005
300
_a
488
365
_b
21
999
_c
985649
_d
985646